Statistics for Country Flags with Green

Click here to take the quiz!

General Stats

  • This quiz has been taken 122 times
  • The average score is 51 of 90

Answer Stats

Answer% Correct
Ireland
100%
Italy
100%
Brazil
94%
Cyprus
86%
Bangladesh
84%
Bulgaria
84%
Ivory Coast
83%
South Africa
83%
Hungary
82%
Jamaica
82%
Lebanon
82%
India
81%
Saudi Arabia
81%
Mexico
79%
Pakistan
79%
San Marino
78%
Kenya
77%
Iraq
75%
Syria
75%
Algeria
74%
Madagascar
74%
Niger
73%
Cameroon
71%
Azerbaijan
70%
Libya
70%
Myanmar
70%
Turkmenistan
70%
United Arab Emirates
70%
Uzbekistan
70%
Iran
68%
Maldives
68%
Burkina Faso
66%
Comoros
66%
Jordan
66%
South Sudan
66%
Gabon
65%
Kuwait
65%
Mauritania
65%
Oman
65%
Sudan
62%
Malawi
61%
Seychelles
61%
Tajikistan
57%
Tanzania
56%
Mozambique
55%
Rwanda
55%
Zimbabwe
55%
Namibia
52%
Republic of the Congo
52%
Afghanistan
51%
Guyana
51%
Belarus
49%
Eritrea
49%
Haiti
49%
Paraguay
49%
Belize
48%
Djibouti
48%
St. Kitts & Nevis
48%
Equatorial Guinea
47%
Burundi
45%
Sao Tome & Principe
45%
Vanuatu
45%
Portugal
44%
Sierra Leone
44%
Senegal
43%
Mali
40%
Ghana
39%
Guinea
39%
Lithuania
39%
Dominica
38%
Ecuador
38%
Fiji
38%
Morocco
38%
Nigeria
36%
Togo
36%
Montenegro
35%
Sri Lanka
35%
Benin
34%
Guatemala
34%
Suriname
34%
Bolivia
32%
Grenada
32%
Guinea-Bissau
32%
Lesotho
32%
Mauritius
31%
Solomon Islands
30%
Zambia
30%
Central African Republic
26%
St. Vincent & the Grenadines
25%
Gambia
22%

Score Distribution

Percentile by Number Answered

Percent of People with Each Score

Your Score History

You have not taken this quiz